Nederlandse memes - Statistieken

Algemene statistieken
  • Deze quiz is 90 keer genomen
  • De gemiddelde score is 12 van 20
Antwoordstatistieken
Hint Antwoord % Correct
Water?! Wil je me ... ofzo? vergiftigen
91%
Het moet korter, kort! - ...! Mand
88%
Mijn hoofd, ik val van de ... af trap
82%
Ik wil kaas, ik ben ook een ... klant
81%
Bij de ... gekocht. Kent u dat niet? Lidl
77%
Ik wil gewoon eventjes lekker ... dansen
75%
Heet je Hedwig? Heet je echt zo? Ik heet ... Ludwig
75%
Dikke ... jongens, dikke ...! BMW
74%
Broodje ..., komt op de tv saté
58%
Om koekjes te ... en kaas rapsen
56%
030, beter als ... Nee, beter hè. 020
53%
Blikje in de ... water
53%
En vooral als de shows met de ... zijn, dan is het helemaal mooi mannen
51%
U bent misschien ook niet zo mooi maar u heeft wel ... recht van leven
49%
Wat heeft u op? - Een broodje met ... beleg
47%
Ik ben gelicenseerd ... zendamateur radio
42%
Wat is een ...? Daar is een hele stellage. diadeem
39%
My husband is ... antiquair
37%
Is dat dan een automaat? - Nee, een sportief ... pookje
35%
Ik weet wel, CDA is ... ChristenUnie
25%
Geen overeenkomende quizzen gevonden
Scoreverdeling
Procent van Mensen met Elke Score
Percentiel versus Aantal Correcte Antwoorden
Uw Scoregeschiedenis
U heeft deze quiz nog niet genomen